000 00527nam a2200193Ia 4500
003 OSt
005 20240828113312.0
008 220927b |||||||| |||| 00| 0 eng d
037 _cTextual
040 _aSDCL
_cSDCL
_beng
041 _2eng
_aeng
082 _aY9(A).2'C L7
100 _aChattopadhyaya, Debiprasad
_9465030
245 0 _aScience and society in ancient India.
260 _c1977
300 _a441p.
942 _hY9(A).2'C L7
_cTEXL
_2CC
999 _c830962
_d830962